LEADER 01195nam0-22003371i-450- 001 990000156990403321 005 20060927124306.0 035 $a000015699 035 $aFED01000015699 035 $a(Aleph)000015699FED01 035 $a000015699 100 $a20020821d1997----km-y0itay50------ba 101 0 $aeng 102 $aIT 105 $ay-------001yy 200 1 $aNAV and HSMV$e[International conference 1997]$eSorrento, 18-21 March 1997$forganized by Atena Associazione tecnica navale, Cetena Centro per gli studi di tecnica navale, Dipartimento di Ingegneria navale, Università di Napoli Federico 2. 210 $a[Napoli$cs.n.]$d1997 215 $a[318] p.$cill.$d30 cm 610 0 $aAliscafi$aCongressi$a1997 610 0 $aCatamarani$aCongressi$a1997 676 $a623.825 712 02$aAssociazione italiana di tecnica navale 712 02$aCentro per gli studi di tecnica navale 712 02$aUniversità degli studi di Napoli Federico II.$bDipartimento di ingegneria navale 801 0$aIT$bUNINA$gRICA$2UNIMARC 901 $aBK 912 $a990000156990403321 952 $a13 G 27 25$b11668$fFINBC 959 $aFINBC 996 $aNAV and HSMV$9121516 997 $aUNINA LEADER 03078nam 2200649Ia 450 001 9910454244803321 005 20200520144314.0 010 $a1-281-81267-6 010 $a9786611812676 010 $a0-8261-0491-6 035 $a(CKB)1000000000576842 035 $a(EBL)423369 035 $a(OCoLC)437109744 035 $a(SSID)ssj0000118145 035 $a(PQKBManifestationID)11136288 035 $a(PQKBTitleCode)TC0000118145 035 $a(PQKBWorkID)10049479 035 $a(PQKB)11526195 035 $a(MiAaPQ)EBC423369 035 $a(Au-PeEL)EBL423369 035 $a(CaPaEBR)ebr10265469 035 $a(EXLCZ)991000000000576842 100 $a20060913h20062001 uy 0 101 0 $aeng 135 $aurcn||||||||| 181 $ctxt 182 $cc 183 $acr 200 10$aCaregiving$b[electronic resource] $ea guide for those who give care and those who receive it /$fVictoria E. Bumagin, Kathryn F. Hirn 205 $a2nd ed. 210 $aNew York $cSpringer Pub.$dc2006, c2001 215 $a1 online resource (249 p.) 300 $aDescription based upon print version of record. 311 $a0-8261-0266-2 320 $aIncludes bibliographical references (p. 217-221) and index. 327 $aContents; Preface; Acknowledgments; Part I: Caregiving in the Social Context; 1 Determinants and Conditions of Caregiving; 2 Who Are the Care Recipients?; 3 Who Are the Caregivers?; 4 When Is It Time to Provide Care?; Part II: The Caregiving Experience; 5 Balancing the Scale; 6 Emotional Pitfalls; Part III: Social Impact of Caregiving; 7 The Caregiver Burden Paradigm; 8 In-Home Services As Respite; 9 Caregiving Within the Health and Social Care Systems; 10 When Caregiving Ends; References; Index; 330 $aChock-full of descriptive case examples, this clearly written text is a must-read for social workers, nurses, and gerontologists. By focusing on the various facets of the caregiving experience--from the caregiver's perspective to those who receive care--the authors sensitize you to the ways in which caregiving is affected by the conditions, personalities, capabilities, and wishes of both the caregivers and the care recipients. Chapters explore the range of care receivers from frail elderly to young children, and the difference in caregiving styles and options. Also addressed are issues related 606 $aCaregivers 606 $aOlder people$xHome care$xSocial aspects 606 $aPeople with disabilities$xHome care$xSocial aspects 606 $aSandwich generation 608 $aElectronic books. 615 0$aCaregivers. 615 0$aOlder people$xHome care$xSocial aspects. 615 0$aPeople with disabilities$xHome care$xSocial aspects. 615 0$aSandwich generation. 676 $a362 676 $a362/.0425 700 $aBumagin$b Victoria E$01040413 701 $aHirn$b Kathryn F$01040414 801 0$bMiAaPQ 801 1$bMiAaPQ 801 2$bMiAaPQ 906 $aBOOK 912 $a9910454244803321 996 $aCaregiving$92463230 997 $aUNINA